Ľudský kapitál vo vzťahu ku kvalite života
Z histórie teórie ľudského kapitálu. Determinanty rozvoja ľudského kapitálu. Zloženie a faktory vplývajúce na ľudský kapitál. Vzťah ľudského kapitálu a kvality života.
Uložené v:
| Hlavný autor: | |
|---|---|
| Ďalší autori: | |
| Médium: | Kapitola |
| Jazyk: | Slovak |
| Predmet: | |
| Tagy: |
Žiadne tagy, Buďte prvý, kto otaguje tento záznam!
|
MARC
| LEADER | 00000naa a2200000 4500 | ||
|---|---|---|---|
| 001 | 0242142 | ||
| 005 | 20240502103937.9 | ||
| 041 | 0 | |a slo | |
| 044 | |a SK | ||
| 245 | 1 | 0 | |a Ľudský kapitál vo vzťahu ku kvalite života |c Ivana Setnická, Michelle Chmelová |
| 520 | |a Z histórie teórie ľudského kapitálu. Determinanty rozvoja ľudského kapitálu. Zloženie a faktory vplývajúce na ľudský kapitál. Vzťah ľudského kapitálu a kvality života. | ||
| 610 | 2 | 0 | |a kvalita života |
| 610 | 2 | 0 | |a kapitál ľudský |
| 610 | 2 | 0 | |a teórie ekonomické |
| 610 | 2 | 0 | |a úroveň životná |
| 610 | 2 | 0 | |a rozvoj hospodársky |
| 100 | 1 | |a Setnická, Ivana | |
| 700 | 1 | |a Chmelová, Michelle | |